banner-ar

محاضر مجلس شورى النواب : (Record no. 65638)

MARC details
000 -الفاتح
حقل البيانات ثابتة الطول 01266nam a22002777a 4500
005 - وقت وتاريخ اخر تعامل مع التسجيلة
رقم الضبط 20240530110835.0
008 - عناصر البيانات ثابتة الطول - معلومات عامة
حقل البيانات ثابتة الطول 191028s2001 ua f 000 0 ara d
017 ## - رقم الايداع القانونى
رقم الايداع القانونى 2000/1936
المصدر ( الهيئة المختصة) مصر. دار الكتب
020 ## - الرقم الدولى المعيارى للكتب
الرقم الدولى المعيارى للكتاب 9771801864
040 ## - مصدر الفهرسة
وكالة الفهرسة الأصلية EG-CaGPL
وكالة النسخ EG-CaGPL
082 04 - رقم تصنيف ديوى العشرى
رقم الطبعة 21
رقم التصنيف 328.31062
رقم المادة ق/س م
100 0# - المدخل الرئيسى - إسم شخصى
الإسم الشخصى سعيدة محمد حسنى
245 10 - بيان العنوان
العنوان محاضر مجلس شورى النواب :
بقية العنوان الهيئة النيابية الاولى 1866-1869 /
بيان المسئوليه,etc دراسة واشراف سعيدة محمد حسنى ؛ تحقيق عبدالرازق عبدالرزاق عيسى ؛ تصدير سمير غريب
250 ## - بيان الطبعة
بيان الطبعة ط.1
260 ## - PUBLICATION, DISTRIBUTION, ETC. (IMPRINT)
تاريخ النشر أو التوزيع 2001
300 ## - الوصف المادى
التعداد 2 جزء :
تفاصيل ماديه اخرى للوعاء ايض. ؛
أبعاد الوعاء 24 سم.
650 07 - المدخل الاضافى بالموضوع-مصطلح موضوعى
مصدر الرأس أو المصطلح qrmak
مصطلح موضوعي الهيئات التشريعية
التقسيم الفرعي العام مجلس الشورى
التقسيم الفرعي الجغرافي مصر
650 07 - المدخل الاضافى بالموضوع-مصطلح موضوعى
مصطلح موضوعي مجلس الشورى
التقسيم الفرعي الجغرافي مصر
650 07 - المدخل الاضافى بالموضوع-مصطلح موضوعى
مصطلح موضوعي المجالس النيابية
التقسيم الفرعي الجغرافي مصر
مصدر الرأس أو المصطلح qrmak
651 ## - المدخل الاضافى بالموضوع - اسم جغرافى
مصدر الرأس أو المصطلح qrmak
700 ## - المدخل الاضافى - اسم شخصى
الإسم الشخصى عبدالرازق عبدالرزاق عيسى
الدور تحقيق
700 ## - المدخل الاضافى - اسم شخصى
الإسم الشخصى حسام محمد عبدالعاطى
700 ## - المدخل الاضافى - اسم شخصى
الإسم الشخصى سمير غريب
الدور تصدير
942 ## - عناصر المدخل الإضافي( كوها)
مصدر التصنيف او مخطط الترفيف Dewey Decimal Classification
Koha [default] item type كتاب
260 ## - PUBLICATION, DISTRIBUTION, ETC. (IMPRINT)
-- القاهرة :
-- مطبعة دار الكتب و الوثائق القومية بالقاهرة ،
Holdings
حالة التراجع حالة الفقد حالة تلف ليس للاعارة المكان المؤقت الموقع الحالى موقع الترفيف تاريخ الاكتساب اجمالي اﻻعارات رقم الطلب الباركود تاريخ اخر مشاهدة تاريخ تفعيل السعر نوع وعاء كوها
        مكتبة القاهرة الكبرى مكتبة القاهرة الكبرى   10/28/2019   328.31062 ق/س م 166686 10/28/2019 10/28/2019 كتاب
        مكتبة القاهرة الكبرى مكتبة القاهرة الكبرى   12/14/2019   328.31062 ق/س م 166810 12/14/2019 12/14/2019 كتاب

Powered By

EGPV